|
|
|
|
| LEADER |
00000nam0a2200000 4500 |
| 001 |
363335 |
| 005 |
20231102011559.0 |
| 035 |
|
|
|a (RuTPU)RU\TPU\retro\20682
|
| 090 |
|
|
|a 363335
|
| 100 |
|
|
|a 20210927d1980 m y0rusy50 ca
|
| 101 |
0 |
|
|a rus
|
| 102 |
|
|
|a RU
|
| 105 |
|
|
|a a j 000zy
|
| 200 |
1 |
|
|a Наладка стекольных автоматов и полуавтоматов
|e учебник для среднего профессионального образования
|f В. М. Будов, Е. А. Чугунов, В. В. Янтарев
|
| 210 |
|
|
|a Москва
|c Высшая школа
|d 1980
|
| 215 |
|
|
|a 264 с.
|c ил.
|
| 225 |
1 |
|
|a Профтехобразование. Силикатное производство
|
| 606 |
1 |
|
|a Стекольные заводы
|x Механическое оборудование
|2 stltpush
|3 (RuTPU)RU\TPU\subj\34515
|9 56445
|
| 610 |
1 |
|
|a учебники
|
| 610 |
1 |
|
|a стеклоизделия
|
| 610 |
1 |
|
|a формовка
|
| 610 |
1 |
|
|a стеклянная тара
|
| 610 |
1 |
|
|a сортовые изделия
|
| 610 |
1 |
|
|a обработка
|
| 610 |
1 |
|
|a листовое стекло
|
| 610 |
1 |
|
|a производство
|
| 675 |
|
|
|a 666.1.013(075.3)
|v 4
|
| 700 |
|
1 |
|a Будов
|b В. М.
|g Виктор Михайлович
|
| 701 |
|
1 |
|a Чугунов
|b Е. А.
|g Евгений Александрович
|
| 701 |
|
1 |
|a Янтарев
|b В. В.
|g Виктор Васильевич
|
| 801 |
|
1 |
|a RU
|b 63413507
|c 20210927
|
| 801 |
|
2 |
|a RU
|b 63413507
|c 20210927
|g RCR
|
| 942 |
|
|
|c BK
|